Statistics for All Water type pokémon

Click here to take the quiz!

General Stats

  • This quiz has been taken 213 times
    (77 since last reset)
  • The average score is 131 of 159

Answer Stats

TypeGenerationPokémon% Correct
6Froakie
100%
Water-Dark6Greninja
100%
1Squirtle
100%
1Blastoise
98%
1Goldeen
98%
1Horsea
98%
1Seadra
98%
1Seaking
98%
1Wartortle
98%
Water-Electric2Chinchou
96%
2Croconaw
96%
2Feraligatr
96%
6Frogadier
96%
Rock-Water1Kabuto
96%
Rock-Water1Kabutops
96%
Water-Electric2Lanturn
96%
3Marshtomp
96%
3Mudkip
96%
Rock-Water1Omanyte
96%
Rock-Water1Omastar
96%
4Piplup
96%
Water-Psychic1Starmie
96%
1Staryu
96%
Water-Ground3Swampert
96%
2Totodile
96%
7Brionne
93%
Water-Steel4Empoleon
93%
1Golduck
93%
Water-Flying1Gyarados
93%
Water-Ice1Lapras
93%
Water-Grass3Lombre
93%
Water-Grass3Lotad
93%
Water-Grass3Ludicolo
93%
3Luvdisc
93%
1Magikarp
93%
Water-Flying2Mantine
93%
4Mantyke
93%
7Popplio
93%
Water-Fairy7Primarina
93%
4Prinplup
93%
1Psyduck
93%
Water-Fighting9Quaquaval
93%
9Quaxly
93%
2Suicune
93%
Water-Poison1Tentacool
93%
Water-Poison1Tentacruel
93%
Water-Fairy2Azumarill
91%
Water-Ice1Cloyster
91%
Water-Rock2Corsola
91%
Water-Bug7Dewpider
91%
Bug-Water7Golisopod
91%
Water-Dark8Hisuian Samurott
91%
8Inteleon
91%
Water-Dragon2Kingdra
91%
Water-Fairy2Marill
91%
5Oshawott
91%
Water-Flying3Pelipper
91%
1Poliwag
91%
1Poliwhirl
91%
Water-Fighting1Poliwrath
91%
5Samurott
91%
1Seel
91%
1Shellder
91%
Water-Psychic1Slowbro
91%
Water-Psychic1Slowpoke
91%
1Vaporeon
91%
Water-Bug7Araquanid
89%
Water-Dark3Carvanha
89%
3Corphish
89%
Water-Dark3Crawdaunt
89%
Water-Ice1Dewgong
89%
5Dewott
89%
Water-Ground5Palpitoad
89%
Ice-Water3Sealeo
89%
Water-Ground5Seismitoad
89%
Water-Dark3Sharpedo
89%
Ice-Water3Spheal
89%
Ice-Water3Walrein
89%
Water-Flying3Wingull
89%
Water-Flying5Ducklett
87%
3Feebas
87%
1Kingler
87%
1Krabby
87%
3Kyogre
87%
3Milotic
87%
Water-Ground2Quagsire
87%
9Quaxwell
87%
Water-Flying5Swanna
87%
Fire-Water6Volcanion
87%
4Buizel
85%
4Floatzel
85%
Water-Ghost5Jellicent
85%
2Politoed
85%
2Remoraid
85%
3Wailord
85%
Bug-Water7Wimpod
85%
3Clamperl
83%
Water-Ghost5Frillish
83%
3Gorebyss
83%
2Octillery
83%
Water-Dragon4Palkia
83%
8Sobble
83%
Bug-Water3Surskit
83%
3Wailmer
83%
Normal-Water4Bibarel
80%
8Drizzile
80%
Water-Poison2Qwilfish
80%
Electric-Water4Rotom Wash
80%
Water-Psychic2Slowking
80%
5Basculin
78%
Water-Fighting5Keldeo
78%
Water-Rock3Relicanth
78%
Water-Dragon9Walking Wake
78%
Water-Ground2Wooper
78%
Water-Ground3Barboach
76%
3Huntail
76%
5Panpour
76%
5Simipour
76%
Poison-Water6Skrelp
76%
Poison-Water7Mareanie
74%
Water-Fairy7Tapu Fini
74%
Water-Ground3Whiscash
74%
9Dondozo
72%
4Manaphy
72%
4Phione
72%
Rock-Water6Barbaracle
70%
Water-Psychic7Bruxish
70%
Flying-Water8Cramorant
70%
Water-Dragon8Dracovish
70%
Water-Ground4Gastrodon
70%
Grass-Water9Ogerpon
70%
Dragon-Water9Tatsugiri
70%
Poison-Water7Toxapex
70%
5Alomomola
67%
Water-Ice8Arctovish
67%
Rock-Water6Binacle
67%
4Shellos
67%
Water-Psychic9Veluza
67%
5Tympole
65%
7Wishiwashi
65%
Water-Ghost8Basculegion
63%
6Clawitzer
63%
Ice-Water9Iron Bundle
63%
3Rainy Casform
61%
6Clauncher
59%
7Pyukumuku
59%
8Barraskewda
52%
Water-Rock5Tirtouga
52%
8Arrokuda
50%
Water-Rock5Carracosta
50%
4Finneon
50%
4Lumineon
50%
Water-Rock8Drednaw
48%
9Wiglett
48%
9Wugtrio
48%
8Chewtle
43%
9Palafin
37%
9Finizen
35%
Fighting-Water9Paldean Tauros
33%

Score Distribution

Percentile by Number Answered

Percent of People with Each Score

Your Score History

You have not taken this quiz since the last reset